| 000 | 00691 a2200193 4500 | ||
|---|---|---|---|
| 003 | Nust | ||
| 005 | 20170207154438.0 | ||
| 040 | _cNust | ||
| 082 | _a050 | ||
| 100 | _aMaj Gen Asim Saleem Bajwa,TBr | ||
| 245 |
_aHilal November-2012 _cMaj Gen Asim Saleem Bajwa,TBr |
||
| 250 | _a5, Volume 49 | ||
| 260 |
_aRawalpindi,Pakistan _bISPR Dte _cHilal November-2012 |
||
| 300 | _aEnglish-39 & Urdu-51p; | ||
| 505 | _aSerious Notes (Page-5) Food for Thought (Page-22) Economic Profile (Page-14) Malala n Special (Page-20) Health Watch (Page-27) Miscellanea (page-11) News & Update (Page-30) | ||
| 538 | _aAlmirah Journals No.3 Shelf No.2 | ||
| 650 | _aQty-3 | ||
| 651 | _aPakistan Armed Forces Magazine | ||
| 942 | _cMAGS | ||
| 999 |
_c197717 _d197717 |
||